000 00580nam a2200241Ia 4500
003 OSt
005 20220918231058.0
006 a|||||r|||| 00| 0
007 ta
008 220917b |||||||| |||| 00| 0 eng d
024 _a262,967
037 _cTextual
040 _aARTS
_cARTS
_beng
041 _2eng
_aeng
082 _aV2,4M85:3N9, H0
100 _aVeguswamy
_9153770
245 0 _aCongress in office
260 _c1940
300 _a207p.
_ccm.
650 _aHISTORY
942 _hV2,4M85:3N9, H0
_cTEXL
_2CC
999 _c289782
_d289782